00314nam a2200121Ia 45000010005000000080041000050820026000461000021000722450030000932600024001239010028001479990017001753648241024s9999 xx 000 0 und d a[*SIN CLASIFICACION*] aMilagros Holguin 0aInspiración CD, Musical bSanto Domingoc2012 a15/1/2014 10:39:04 a.m. c12182d12182